00533 2200205 4500001002100000005001500021035002000036245006900056100002700125250000700152300003000159260003600189082001200225084001800237020001800255600002700273990000900300990000900309990000900318INLIS00000000000004020251014083455 a0010-10250000261 aPedoman Budidaya Beternak Burung Walet /cTim Karya Tani Mandiri0 aTim Karya Tani Mandiri a1. avi + 162 hlm. ;c19,5 cm. aBandung :bNuansa Aulia,c2010. a639.978 a639.978 TIM p a9789790710788 4aTim Karya Tani Mandiri a1612 a1613 a1614